A History of Indian Literature. (Record no. 1677917)

MARC details
000 -LEADER
fixed length control field 00696nam a2200301Ia 4500
005 - DATE AND TIME OF LATEST TRANSACTION
control field 20260127113302.0
008 - FIXED-LENGTH DATA ELEMENTS--GENERAL INFORMATION
fixed length control field 008 260114s9999 xx 000 0 eng d
020 ## - INTERNATIONAL STANDARD BOOK NUMBER
International Standard Book Number 9788120802643
037 ## - SOURCE OF ACQUISITION
Stock number Textbook
040 ## - CATALOGING SOURCE
Original cataloging agency PSDL
040 ## - CATALOGING SOURCE
Language of cataloging eng
040 ## - CATALOGING SOURCE
Transcribing agency PSDL
041 ## - LANGUAGE CODE
Source of code eng
041 ## - LANGUAGE CODE
Language code of text/sound track or separate title eng
084 ## - COLON CLASSIFICATION NUMBER
Classification number V2:3(Q) Q8
084 ## - COLON CLASSIFICATION NUMBER
Assigning agency PSDL
100 ## - MAIN ENTRY--PERSONAL NAME
Personal name Sarma, V. Srinivasa
9 (RLIN) 1111740
245 #2 - TITLE STATEMENT
Title A History of Indian Literature.
245 #0 - TITLE STATEMENT
Statement of responsibility, etc. Sarma, V. Srinivasa
260 ## - PUBLICATION, DISTRIBUTION, ETC.
Place of publication, distribution, etc. Delhi
260 ## - PUBLICATION, DISTRIBUTION, ETC.
Name of publisher, distributor, etc. Motilal Banarsidass Publishers
260 ## - PUBLICATION, DISTRIBUTION, ETC.
Date of publication, distribution, etc. 2018
300 ## - PHYSICAL DESCRIPTION
Extent 602
942 ## - ADDED ENTRY ELEMENTS (KOHA)
Koha item type Textbook
942 ## - ADDED ENTRY ELEMENTS (KOHA)
Classification part V2:3(Q) Q8
Holdings
Withdrawn status Lost status Damaged status Not for loan Home library Current library Date acquired Total Checkouts Full call number Barcode Date last seen Price effective from Koha item type
        Department of Political Science Library Department of Political Science Library 2026-01-27   V2:3(Q) Q8 PS0006704 2026-01-27 2026-01-27 Textbook
Copyright @ Delhi University Library System